Búp sen xanh Tiểu thuyết

Đã lưu trong:
Chi tiết về thư mục
Tác giả chính: Sơn Tùng
Định dạng: Sách
Ngôn ngữ:Vietnamese
Được phát hành: H. Kim Đòng 1984
Phiên bản:In lần 2
Những chủ đề:
Các nhãn: Thêm thẻ
Không có thẻ, Là người đầu tiên thẻ bản ghi này!
Thư viện lưu trữ: Mạng thư viện Đại học Đà Nẵng
LEADER 01147nam a2200361 4500
001 000005335
003 1479
005 20120417090440.0
008 110815s1984 viesd
020 |c 10000đ 
041 0 |a vie 
082 |a 895.9223  |b SO-T 
100 0 |a Sơn Tùng 
245 0 |a Búp sen xanh  |b Tiểu thuyết  |c Sơn Tùng ; Bìa và minh hoạ: Văn Cao 
250 |a In lần 2 
260 |a H.  |b Kim Đòng  |c 1984 
300 |a 323 tr : minh họa  |c 19 cm 
653 |a Văn học hiện đại 
653 |a Việt Nam 
653 |a tiểu thuyết 
653 |a Hồ Chí Minh 
700 |a Sơn Tùng 
910 |a Nguyễn Thị Kim Oanh  |d 15/ 08/ 2011 
OWN |a LSP 
AVA |a UDN50  |b LSP  |d 895.9223 SO-T  |e unavailable  |t Error 5002 Not defined in file expand_doc_bib_avail.  |f 2  |g 2  |h N  |i 0  |k 1 
999 |a From the UDN01 
AVA |a UDN50  |b LSP  |d 895.9223 SO-T  |e unavailable  |t Error 5002 Not defined in file expand_doc_bib_avail.  |f 2  |g 2  |h N  |i 0  |k 1 
TYP |a Monograph 
TYP |a Printed language 
980 |a Mạng thư viện Đại học Đà Nẵng